<?xml version="1.0" encoding="UTF-8"?>
<record
    xmlns:xsi="http://www.w3.org/2001/XMLSchema-instance"
    xsi:schemaLocation="http://www.loc.gov/MARC21/slim http://www.loc.gov/standards/marcxml/schema/MARC21slim.xsd"
    xmlns="http://www.loc.gov/MARC21/slim">

  <leader>00812nam a2200241 a 4500</leader>
  <controlfield tag="001">48981</controlfield>
  <controlfield tag="003">BD-RJUL</controlfield>
  <controlfield tag="005">20211209054622.0</controlfield>
  <controlfield tag="008">160817s1929    enk           000 0 eng d</controlfield>
  <datafield tag="035" ind1=" " ind2=" ">
    <subfield code="a">(BD-RJUL)49100</subfield>
  </datafield>
  <datafield tag="040" ind1=" " ind2=" ">
    <subfield code="a">FUG</subfield>
    <subfield code="c">FUG</subfield>
    <subfield code="d">EQO</subfield>
    <subfield code="d">BD-RJUL</subfield>
    <subfield code="b">eng</subfield>
  </datafield>
  <datafield tag="041" ind1=" " ind2=" ">
    <subfield code="a">eng</subfield>
  </datafield>
  <datafield tag="082" ind1=" " ind2=" ">
    <subfield code="2">23</subfield>
    <subfield code="a">304.64</subfield>
    <subfield code="b">ELM 1929</subfield>
  </datafield>
  <datafield tag="090" ind1=" " ind2=" ">
    <subfield code="a">HG8784.G7</subfield>
    <subfield code="b">E431 1929</subfield>
  </datafield>
  <datafield tag="100" ind1="1" ind2="0">
    <subfield code="a">Elderton, W. Palin,</subfield>
    <subfield code="d">1877-</subfield>
    <subfield code="9">147463</subfield>
  </datafield>
  <datafield tag="245" ind1="1" ind2="4">
    <subfield code="a">The mortality of annuitants for five years 1921-1925 :</subfield>
    <subfield code="b">report on results of the continuous investigation /</subfield>
    <subfield code="c">by W. Palin Elderton and H.J.P. Oakley</subfield>
  </datafield>
  <datafield tag="260" ind1=" " ind2=" ">
    <subfield code="a">London :</subfield>
    <subfield code="b">C. &amp; E. Layton,</subfield>
    <subfield code="c">1929</subfield>
  </datafield>
  <datafield tag="300" ind1=" " ind2=" ">
    <subfield code="a">69 p. ;</subfield>
    <subfield code="c">23 cm.</subfield>
  </datafield>
  <datafield tag="650" ind1=" " ind2="0">
    <subfield code="a">Mortality</subfield>
    <subfield code="z">Great Britain</subfield>
    <subfield code="x">Tables.</subfield>
    <subfield code="9">147464</subfield>
  </datafield>
  <datafield tag="650" ind1=" " ind2="0">
    <subfield code="a">Annuities</subfield>
    <subfield code="z">Great Britain.</subfield>
    <subfield code="9">147465</subfield>
  </datafield>
  <datafield tag="700" ind1="1" ind2=" ">
    <subfield code="a">Oakley, H. J. P.</subfield>
    <subfield code="9">143048</subfield>
  </datafield>
  <datafield tag="942" ind1=" " ind2=" ">
    <subfield code="2">ddc</subfield>
    <subfield code="c">BK</subfield>
  </datafield>
  <datafield tag="999" ind1=" " ind2=" ">
    <subfield code="c">48981</subfield>
    <subfield code="d">48981</subfield>
  </datafield>
  <datafield tag="952" ind1=" " ind2=" ">
    <subfield code="0">0</subfield>
    <subfield code="1">0</subfield>
    <subfield code="2">ddc</subfield>
    <subfield code="4">0</subfield>
    <subfield code="7">0</subfield>
    <subfield code="8">NFIC</subfield>
    <subfield code="a">RUCL</subfield>
    <subfield code="b">RUCL</subfield>
    <subfield code="c">Stack</subfield>
    <subfield code="d">1962-12-12</subfield>
    <subfield code="e">Zeitlinger</subfield>
    <subfield code="l">0</subfield>
    <subfield code="o">304.64 ELM 1929</subfield>
    <subfield code="r">2016-08-17 00:00:00</subfield>
    <subfield code="t">C-2</subfield>
    <subfield code="w">2021-12-09</subfield>
    <subfield code="y">BK</subfield>
  </datafield>
</record>
